00572nam a2200157 i 450000100060000000300090000600500170001500700030003200800410003510000210007624501760009726000700027330000210034361000260036485200240039025364ES-MaACL20230906153240.0t|021226s1933 hu ||||1| fre d1 aApponyi, Albert.13aLa crise de la Société des Nations b: conference faite à Vienne le 28 janvier 1933 à l'Association autrichienne pour la Société des Nations /cAlbert Apponyi. aBudapest : bSociété de la Nouvelle Revue de Hongrie, c1933. a15 p. ; c21 cm.24aSociedad de Naciones. aES-MaACLj1784-F-13